000 00204nam a2200109Ia 4500
100 _a#N/A
942 _cBK
654 _asoftware
245 _aSoftware testing tools
260 _b#N/A
546 _aENGLISH
999 _c24716
_d24716